000 00652nam a2200205Ii 4500
003 JO-AjNU
008 230605s9999||||xx |||||||||||||| ||und||
040 _aJO-AjNU
_bara
_erda
_cJO-AjNU
041 _aara
050 1 4 _aPJ7862 1995
100 3 _aتأليف خرتش،فيصل,
_eauthor
_917635
245 0 0 _aمقهى المجانين: رواية
250 _aط1
264 3 1 _aبيروت:المسارللنشر والأبحاث والتوثيق،1995
300 _a121ص
336 _atext
_btxt
_2rdacontent
337 _aunmediated
_bn
_2rdamedia
338 _avolume
_bnc
_2rdacarrier
650 4 _aالأدب العربي - روايات
_917636
999 _aA5488
_c9056
_d9056